01148nam a2200253 a 450000100100000000500170001000800410002704000250006808200200009310000500011324501110016326000660027430000350034049000440037550000630041950000390048260000710052165000310059265100470062383000510067091000380072195201180075999900170087700001787020260212122153.0100407s1988 dr ac r 001 0cspa d aDO-SdBNPbspacBNPHU a929.27293bE77c1 aCampillo Pérez, Julio Genaro,d1922-91085710aUlises Francisco Espaillat y su familia :binvestigación genealógica /cJulio Genaro Campillo Pérez. aSanto Domingo :bInstituto Dominicano de Genealogía,c1988. a289 p. :bil., retr. ;c24 cm.1 aInstituto Dominicano de Genealogíav2 aIncluye datos biográficos del autor en la contraportada. aIncluye notas al pie de páginas.14aESPAILLAT QUIÑONES, ULISES FRANCISCO,d1823-1878xFAMILIA938787 0aRelaciones familiares9801 4aRepública DominicanaxGenealogía92157 0aInstituto Dominicano de Genealogían2938788 aValidado. Control de calidad EMS. 0010718PDaPDbPDcHDd2010-04-07iLF1l0o929.27293 E77cp17870-10r2020-06-25w2020-06-25yLFPDZNo se presta c17394d17394